Sports Quiz

Random Sports or Football Quiz

2012 NFL Running Backs Quiz Stats

 Plays Quiz not verified by Sporcle

Also try: NBA Coaching Wins
Challenge
Share
Tweet
Embed
Score 0/135 Timer 20:00
0 Plays Today
Team Player % Correct
????
98.6%
????
82.8%
????
70.3%
????
59.3%
????
58.9%
????
57.4%
????
55.5%
????
55%
????
55%
????
53.1%
????
53.1%
????
52.2%
????
50.2%
????
50.2%
????
48.8%
????
45.5%
????
45%
????
44.5%
????
43.5%
????
43.5%
????
41.6%
????
39.7%
????
39.2%
????
38.8%
????
38.8%
????
38.3%
????
37.3%
????
36.8%
????
35.4%
????
35.4%
????
34.9%
????
34.4%
????
34.4%
????
34.4%
????
34%
????
33.5%
????
33.5%
????
33.5%
????
33.5%
????
33%
????
33%
????
32.5%
????
32.1%
????
32.1%
????
32.1%
Team Player % Correct
????
32.1%
????
32.1%
????
32.1%
????
32.1%
????
32.1%
????
32.1%
????
32.1%
????
31.6%
????
31.6%
????
31.6%
????
31.6%
????
31.6%
????
31.6%
????
31.1%
????
31.1%
????
31.1%
????
30.6%
????
30.6%
????
30.1%
????
30.1%
????
30.1%
????
30.1%
????
30.1%
????
29.7%
????
29.7%
????
29.2%
????
28.7%
????
28.7%
????
28.7%
????
27.8%
????
27.8%
????
27.8%
????
26.3%
????
26.3%
????
26.3%
????
25.4%
????
25.4%
????
24.9%
????
24.9%
????
24.9%
????
24.4%
????
23.9%
????
22%
????
22%
????
21.5%
Team Player % Correct
????
20.1%
????
19.6%
????
19.6%
????
19.1%
????
18.7%
????
18.7%
????
18.7%
????
18.7%
????
17.7%
????
17.7%
????
17.7%
????
17.7%
????
17.2%
????
16.7%
????
16.7%
????
15.3%
????
14.8%
????
14.4%
????
13.9%
????
12.4%
????
12.4%
????
12.4%
????
12%
????
11.5%
????
10%
????
10%
????
10%
????
10%
????
9.1%
????
8.6%
????
8.1%
????
7.2%
????
5.7%
????
5.3%
????
5.3%
????
5.3%
????
4.3%
????
3.8%
????
3.8%
????
3.8%
????
3.3%
????
3.3%
????
3.3%
????
2.9%
????
2.4%

You're not logged in!

Compare scores with friends on all Sporcle quizzes.
Join for Free
OR
Log In

You Might Also Like...

Show Comments

Extras

Top Quizzes Today


Score Distribution

Your Account Isn't Verified!

In order to create a playlist on Sporcle, you need to verify the email address you used during registration. Go to your Sporcle Settings to finish the process.

Report this User

Report this user for behavior that violates our Community Guidelines.

Details: